[Event "Hoorn Oscar Romero op"]
[Site "Hoorn"]
[Date "2022.08.28"]
[Round "5"]
[White "Pronk, Sven"]
[Black "Zhu, Chenwu"]
[Result "1/2-1/2"]
[WhiteElo "2105"]
[BlackElo "2010"]
[PlyCount "110"]
[EventDate "2022.08.26"]
[EventType "swiss"]
[EventRounds "6"]
[EventCountry "NED"]
[SourceTitle "EXT 2023"]
[Source "ChessBase"]
[SourceDate "2022.10.05"]
[SourceVersion "1"]
[SourceVersionDate "2022.10.05"]
[SourceQuality "1"]

1. d4 d5 2. c4 e6 3. Nc3 Nf6 4. Bg5 Be7 5. cxd5 Nxd5 6. Bxe7 Qxe7 7. e4 Nxc3 8. bxc3 c5 9. Qd2 cxd4 10. cxd4 0-0 11. Nf3 Nd7 12. Bd3 Nf6 13. 0-0 b6 14. Qf4 Bb7 15. Qh4 h6 16. Rad1 Rfe8 17. Rfe1 Rac8 18. Ne5 Rc3 19. Re3 Nd5 20. Qxe7 Nxe7 21. Bb5 Rec8 22. Rxc3 Rxc3 23. f3 f6 24. Nd3 Bc6 25. Bxc6 Nxc6 26. d5 exd5 27. exd5 Nd8 28. Rd2 Kf7 29. Nf2 Rc1+ 30. Nd1 Nb7 31. Kf2 Nd6 32. Ne3 Nc4 33. Rc2 Rxc2+ 34. Nxc2 Ke7 35. Nd4 Kd6 36. Nf5+ Kxd5 37. Nxg7 Ke5 38. g4 b5 39. Nf5 h5 40. Ne3 Nxe3 41. Kxe3 h4 42. f4+ Kd5 43. h3 b4 44. Kd3 a5 45. a3 bxa3 46. Kc2 Ke4 47. f5 Kf4 48. Kb3 Kg3 49. g5 fxg5 50. f6 Kxh3 51. f7 g4 52. f8Q g3 53. Qf4 a4+ 54. Kxa3 g2 55. Qf2 g1Q 1/2-1/2

[Event "Split op 10th"]
[Site "Split"]
[Date "2021.08.04"]
[Round "6"]
[White "Cupic, Lovro"]
[Black "Pronk, Sven"]
[Result "1-0"]
[WhiteElo "2271"]
[BlackElo "2107"]
[PlyCount "40"]
[EventDate "2021.07.31"]
[EventType "swiss"]
[EventRounds "9"]
[EventCountry "CRO"]
[SourceTitle "CBM 203 Extra"]
[Source "ChessBase"]
[SourceDate "2021.09.30"]
[SourceVersion "1"]
[SourceVersionDate "2021.09.30"]
[SourceQuality "1"]

1. e4 c6 2. d4 d5 3. e5 Bf5 4. Nf3 e6 5. Be2 Nd7 6. 0-0 f6 7. Nbd2 Nh6 8. c4 Nf7 9. cxd5 cxd5 10. exf6 Qxf6 11. Qb3 Rb8 12. Re1 Bd6 13. Bb5 Qe7 14. Nf1 0-0 15. Ng3 Bxg3 16. fxg3 Nf6 17. Bf4 Rbc8 18. Nd2 Nd6 19. Qa3 Rfd8 20. Rac1 a6 1-0

[Event "Prague Summer op 7th"]
[Site "Prague"]
[Date "2020.08.11"]
[Round "5"]
[White "Pronk, Sven"]
[Black "Skalsky, Alexandr"]
[Result "0-1"]
[WhiteElo "2062"]
[BlackElo "2236"]
[PlyCount "50"]
[EventDate "2020.08.08"]
[EventType "swiss"]
[EventRounds "9"]
[EventCountry "CZE"]
[SourceTitle "CBM 197 Extra"]
[Source "ChessBase"]
[SourceDate "2020.09.30"]
[SourceVersion "1"]
[SourceVersionDate "2020.09.30"]
[SourceQuality "1"]

1. d4 Nf6 2. Bg5 d5 3. e3 c5 4. Bxf6 gxf6 5. dxc5 Nc6 6. Bb5 Qa5+ 7. Nc3 a6 8. Bxc6+ bxc6 9. a3 Qxc5 10. Qd4 e5 11. Qxc5 Bxc5 12. Nf3 Rg8 13. Rg1 Ke7 14. e4 Bg4 15. Nh4 Bd4 16. exd5 Bxc3+ 17. bxc3 cxd5 18. Rb1 Rgc8 19. Rb7+ Kf8 20. Kd2 Rc4 21. Rgb1 Be6 22. Rb8+ Rxb8 23. Rxb8+ Kg7 24. Rb4 h5 25. h3 a5 0-1

[Event "Barcelona Sants op 21st"]
[Site "Barcelona"]
[Date "2019.08.23"]
[Round "1"]
[White "Pronk, Sven"]
[Black "Arenas Vanegas, David"]
[Result "1/2-1/2"]
[WhiteElo "2065"]
[BlackElo "2448"]
[PlyCount "75"]
[EventDate "2019.08.23"]
[EventType "swiss"]
[EventRounds "10"]
[EventCountry "ESP"]
[SourceTitle "EXT 2020"]
[Source "ChessBase"]
[SourceDate "2019.10.17"]
[SourceVersion "1"]
[SourceVersionDate "2019.10.17"]
[SourceQuality "1"]

1. d4 d5 2. c4 e6 3. Nc3 Be7 4. Nf3 Nf6 5. Bg5 0-0 6. e3 h6 7. Bh4 b6 8. cxd5 Nxd5 9. Bxe7 Qxe7 10. Nxd5 exd5 11. Bd3 Be6 12. 0-0 Nd7 13. Rc1 c5 14. dxc5 bxc5 15. Rc3 Rfb8 16. b3 a5 17. a4 Qf6 18. Qd2 Rb4 19. Rfc1 Rd8 20. Bb5 d4 21. exd4 cxd4 22. Rc8 Rxc8 23. Rxc8+ Nf8 24. Rc6 Rxb3 25. Nxd4 Rb1+ 26. Bf1 g6 27. Nxe6 Nxe6 28. Qxh6 Rd1 29. Rc8+ Nd8 30. Rc1 Qd4 31. Rxd1 Qxd1 32. Qg5 Nc6 33. Qb5 Nd4 34. Qe8+ Kg7 35. Qe5+ Kg8 36. Qe8+ Kg7 37. Qe5+ Kg8 38. Qe8+ 1/2-1/2

[Event "Amsterdam Science Park op-A"]
[Site "Amsterdam"]
[Date "2019.07.07"]
[Round "2"]
[White "De Groote, Ewoud"]
[Black "Pronk, Sven"]
[Result "1-0"]
[WhiteElo "2225"]
[BlackElo "2050"]
[PlyCount "79"]
[EventDate "2019.07.06"]
[EventType "swiss"]
[EventRounds "9"]
[EventCountry "NED"]
[SourceTitle "CBM 191 Extra"]
[Source "ChessBase"]
[SourceDate "2019.09.30"]
[SourceVersion "1"]
[SourceVersionDate "2019.09.30"]
[SourceQuality "1"]

1. d4 d5 2. Nf3 Nf6 3. c4 c6 4. Qc2 e6 5. Bg5 Nbd7 6. e3 Bb4+ 7. Nbd2 Qa5 8. cxd5 exd5 9. Bd3 0-0 10. 0-0 a6 11. a3 Bd6 12. Rfe1 Re8 13. e4 dxe4 14. Nxe4 Nxe4 15. Bxe4 g6 16. Bxc6 Rxe1+ 17. Rxe1 Nf8 18. Be4 Bg4 19. Qd2 Qb6 20. Ne5 Bxe5 21. dxe5 Re8 22. Be3 Qc7 23. f4 g5 24. f5 Qxe5 25. Bd4 Qf4 26. Qxf4 gxf4 27. Kf2 Rd8 28. Bc3 b6 29. h3 Bd1 30. g3 fxg3+ 31. Kxg3 Ba4 32. Bf3 Nd7 33. Re4 Bc2 34. Rg4+ Kf8 35. Kf4 Nc5 36. Rg2 Bd3 37. Rg7 h6 38. Rh7 Bc4 39. Bf6 Nd3+ 40. Kg3 1-0